| 000 | 00330nam a22001337a 4500 | ||
|---|---|---|---|
| 008 | 170324b xxu||||| |||| 00| 0 eng d | ||
| 020 | _a9780073047386 | ||
| 041 | _aeng | ||
| 080 |
_26TH _a615.82 |
||
| 100 | _a8 | ||
| 101 | _aSHM | ||
| 245 |
_aINTRODUCTION TO PHYSICAL EDUCATION, FITNESS AND SPORT _cSIEDENTOP, D |
||
| 942 |
_2udc _cBK |
||
| 999 |
_c8624 _d8624 |
||